Chinese Ethnic Groups Quiz Stats

 Plays Quiz not verified by Sporcle

Challenge
Share
Tweet
Embed
Score 0/56 Timer 10:00
0 Plays Today
Population (includes both PRC and ROC) Ethnic Group % Correct
1,230,117,207 Han
96.4%
5,416,021Tibetans
82%
5,813,947Mongols
79.8%
1,923,842 Korean
79.8%
8,399,393 Uyghurs
69.6%
15,609 Russian
68.2%
10,682,263 Manchu
67.1%
241,198 Tu
63.5%
1,420,458 Kazakh
63.3%
22,517Jing-Vietnamese
62.7%
9,816,802 Hui
61.9%
41,028Tajik
58.3%
160,823Kyrgyz
58%
8,940,116 Miao
57.7%
12,370 Uzbeks
56.9%
16,178,811Zhuang
53.9%
1,247,814 Li
42.8%
7,762,286 Yi
42.5%
1,858,063 Bai
35.4%
2,637,421Yao
34%
1,158,989Dai
34%
2,960,293 Dong
33.4%
458,000 Gaoshan (Taiwanese Aboriginal)
30.9%
4,890 Tatars
30.7%
8,028,133 Tujia
29.8%
306,072Qiang
26.2%
1,439,673 Hani
25.1%
709,592 She
24.9%
Population (includes both PRC and ROC) Ethnic Group % Correct
634,912 Lisu
23.8%
104,503 Salar
22.9%
513,805 Dongxiang
22.7%
2,971,460 Buyei
22.1%
132,394Daur
22.1%
13,719 Yugur
22.1%
8,196Oroqen
22.1%
188,824 Xibe
21.5%
132,143 Jingpo
21.5%
30,505Ewenki
21.5%
406,902Sui
21.3%
4,640Hezhen
21.3%
396,610Va
21%
2,965Lhoba
20.7%
308,839Nakhi
20.4%
33,936Achang
20.2%
28,759Nu
20.2%
91,882Blang
19.3%
33,600Pumi
19.3%
16,505 Bonan
19.3%
453,705 Lahu
19.1%
207,352Mulao
19.1%
20,899Jino
19.1%
107,166Maonan
18.5%
579,357 Gelao
18.2%
7,426 Derung
18.2%
17,935 De'ang
17.7%
8,923 Monba
17.4%

You're not logged in!

Compare scores with friends on all Sporcle quizzes.
Join for Free
OR
Log In

Show Comments

Extras

Top Quizzes Today


Score Distribution

Your Account Isn't Verified!

In order to create a playlist on Sporcle, you need to verify the email address you used during registration. Go to your Sporcle Settings to finish the process.

Report this User

Report this user for behavior that violates our Community Guidelines.

Details: